E la madre, tra l'altro, è una pittrice... : dialoghi fra lesbiche /

-д хадгалсан:
Номзүйн дэлгэрэнгүй
Үндсэн зохиолчид: Finocchi, Matilde (Зохиогч), Froncillo, Rosetta (Зохиогч), Valentini, Alice (Зохиогч)
Формат: Ном
Хэл сонгох:итали
Хэвлэсэн: Roma : Felina, 1980
Шошгууд: Шошго нэмэх
Шошго байхгүй, Энэхүү баримтыг шошголох эхний хүн болох!

MARC

LEADER 00000nam a22000007i 4500
001 IT\ICCU\RMS\0136525
003 ItRI
005 20260222002007.0
008 011022s1980 it |||||| ||||| |||||c
040 |b ita  |c ct 
041 7 |a ita  |2 ISO-639-2 
100 1 |a Finocchi, Matilde  |0 IT\ICCU\RMSV\051037  |4 aut 
240 1 0 |a E la madre, tra l'altro, è una pittrice  |9 Finocchi, Matilde 
245 1 0 |a E la madre, tra l'altro, è una pittrice... :  |b dialoghi fra lesbiche /  |c Matilde Finocchi, Rosetta Froncillo, Alice Valentini. 
260 |a Roma :  |b Felina,  |c 1980 
300 |a 244 p. :  |b ill.; 21 cm 
500 |a In copertina: Questo libro è diretto solo alle donne. 
700 1 |a Froncillo, Rosetta  |0 IT\ICCU\RMSV\051038  |4 aut 
700 1 |a Valentini, Alice  |0 IT\ICCU\RMSV\051039  |4 aut 
942 |2 ddc  |c BK 
952 |0 0  |1 0  |2 ddc  |4 0  |6 B_SSA03FINMAELA11  |7 0  |9 8648  |a MI  |b MI  |d 1987-08-20  |i 531  |l 0  |o B-SSA03-FINMA-ELA11  |p CDOM531  |r 2025-07-17 21:50:32  |w 2025-07-17  |x ACQUISTO  |y BK 
952 |0 0  |1 0  |4 0  |6 L_306_766000000000000_FIN  |7 0  |9 24172  |a BO  |b BO  |d 2026-01-15  |i 104  |l 0  |o L 306.766 FIN  |p BO104  |r 2026-01-15 23:23:24  |w 2026-01-15  |x [Sebina 7] [1 v.]  |y BK  |z 1 v. 
952 |0 0  |1 0  |4 0  |6 L_306_766000000000000_FIN  |7 0  |9 24173  |a BO  |b BO  |d 2026-01-15  |i 19118  |l 0  |o L 306.766 FIN  |p BO19118  |r 2026-01-15 23:23:24  |w 2026-01-15  |x [Sebina 5] [1 v.]  |y BK  |z 1 v. (2 copia) 
999 |c 7192  |d 7192